00487nam a2200169Ia 450000500170000000800410001704000190005804100120007708200200008910000220010924500830013126000440021430000110025850400190026965000190028885000100030720230513100202.0131103s9999 xx 000 0 und d aLoreto College aEnglish a823.91bJAM-POI aPoirier, Richard  4aThe Comic sense of Henry Jamesb a study of the early novels cRichard Poirier aNew YorkbOxford University Pressc1967 a260p.  aIncludes index aEnglish novels aLCLIB